| Tag |
First Indicator |
Second Indicator |
Subfields |
| LEADER |
00000cjm a2200000Ia 4500 |
| 001 |
in00004566821 |
| 008 |
920226s1967 xx conn n zxx d |
| 007 |
sd bmmenn||||| |
| 005 |
20220506135924.8 |
| 010 |
|
|
|a r 67002713
|
| 035 |
|
|
|a (OCoLC)ocm25344646
|
| 035 |
|
|
|a (OCoLC)ocm25344646
|
| 040 |
|
|
|a LOS
|b eng
|c LOS
|d OCLCQ
|d IXA
|d OCLCQ
|d OCLCF
|d OCLCQ
|d BUF
|d UAB
|d OCLCO
|
| 028 |
0 |
2 |
|a R 40011
|b Melodiya/Angel
|
| 035 |
|
|
|a (OCoLC)25344646
|
| 050 |
|
4 |
|a M1000S539K821967
|
| 055 |
|
3 |
|a M 1000 S539
|b K82 1967
|
| 092 |
|
|
|a LP
|b 101
|
| 100 |
1 |
|
|a Shchedrin, Rodion Konstantinovich,
|d 1932-
|
| 240 |
1 |
0 |
|a Ozornye chastushki
|
| 245 |
1 |
0 |
|a Mischievous melodies :
|b concerto for orchestra. Not love alone : symphonic suite [from the opera] /
|c Shchedrin.
|
| 260 |
|
|
|a [Place of publication not identified] :
|b Melodiya/Angel,
|c [1967]
|
| 300 |
|
|
|a 1 audio disc :
|b analog, 33 1/3 rpm, mono ;
|c 12 in.
|
| 336 |
|
|
|a performed music
|b prm
|2 rdacontent
|
| 337 |
|
|
|a audio
|b s
|2 rdamedia
|
| 338 |
|
|
|a audio disc
|b sd
|2 rdacarrier
|
| 511 |
0 |
|
|a Moscow Philharmonic Symphony Orchestra, in part with Irina Arkhipova, mezzo-soprano ; Kiril Kondrashin, conductor.
|
| 518 |
|
|
|a "Newly recorded in the USSR."
|
| 500 |
|
|
|a Duration: 7 min., 43 sec., and 35 min., 6 sec., respectively.
|
| 500 |
|
|
|a Program notes by A. Medvedev on slipcase include romanized text of the vocal excerpt from the 2d work, with English translation.
|
| 650 |
|
0 |
|a Orchestral music.
|
| 650 |
|
0 |
|a Suites (Orchestra)
|
| 650 |
|
0 |
|a Operas
|v Excerpts.
|
| 650 |
|
7 |
|a Operas
|x Excerpts.
|2 fast
|0 (OCoLC)fst01046203
|
| 650 |
|
7 |
|a Orchestral music.
|2 fast
|0 (OCoLC)fst01047289
|
| 650 |
|
7 |
|a Suites (Orchestra)
|2 fast
|0 (OCoLC)fst01137923
|
| 700 |
1 |
|
|a Kondrashin, Kirill,
|d 1914-1981.
|4 prf
|
| 700 |
1 |
2 |
|a Shchedrin, Rodion Konstantinovich,
|d 1932-
|t Ne tolʹko li︠u︡bovʹ.
|p Suite.
|
| 710 |
2 |
|
|a Moskovskai︠a︡ gosudarstvennai︠a︡ filarmonii︠a︡.
|4 prf
|
| 740 |
0 |
2 |
|a Not love alone.
|
| 994 |
|
|
|a Z0
|b TXA
|
| 948 |
|
|
|h HELD BY TXA - 28 OTHER HOLDINGS
|
| 999 |
f |
f |
|s b89190ba-5b8c-4f76-a5d4-c299e60aa32e
|i b89190ba-5b8c-4f76-a5d4-c299e60aa32e
|t 0
|
| 952 |
f |
f |
|p ric
|a Texas A&M University
|b Rellis Campus
|c Joint Library Facility
|d Remote Storage
|t 0
|e LP-0606
|h Other scheme
|i audio -- audio disc
|m A14851288549
|
| 998 |
f |
f |
|a LP-0606
|t 0
|l Remote Storage
|